Deep Drilling

Gespeichert in:
Bibliographische Detailangaben
Format: Buch
Sprache:Englisch
Veröffentlicht: Paris OECD 1993
Schlagworte:
Tags: Tag hinzufügen
Keine Tags, Fügen Sie das erste Tag hinzu!

MARC

LEADER 00000nam a2200000 4500
001 c004147
005 20221214083457.4
020 |a 92-64-13956-7 
041 0 |a eng 
044 |a FR 
245 1 0 |a Deep Drilling 
264 1 |a Paris  |b OECD  |c 1993 
300 |a 97 s. 
610 2 0 |a Megascience Forum OECD 
610 2 0 |a megaveda 
610 2 0 |a geológia